000 00803nam a2200265Ia 4500
001 Para_4074
003 CHAP
008 220125s1944 xx 000 0 und d
010 _a202544
040 _cCHAP
090 _aPA FOLLETO 1482
100 _aRibeiro, Paulo de Miranda
_997197
245 _aUma nova especie para o genero Bunocephalus Kner, 1855 (Pisces-Aspredinidae) /
_c Paulo de Miranda Ribeiro
260 _aRio de Janeiro, Brasil :
_b Ministerio de Educacao e Saude
300 _a3 p.
440 _aBoletin da Museu Nacional; 13
_9167807
650 _aPeces
_x Identificación
_986453
901 _aPA FOLLETO 1482
902 _aA
905 _a0000001944 RIO 0000000000 00
910 _a1944
942 _cPARA
942 _cPARA
_d1
999 _c202544
_d202544